000 01337cam a22003615i 4500
001 015356495
003 EG-ScBUE
005 20250227094615.0
008 090804t2006 nyua f 001 0 eng d
020 _a9780071635332 (pbk.)
020 _a0071635335 (pbk.)
040 _aEG-ScBUE
_beng
_erda
_cEG-ScBUE
_dEG-ScBUE
082 0 4 _a519.5076
_bSTE
_222
100 1 _aStephens, Larry J.,
_eauthor.
_941314
245 1 0 _aBeginning statistics /
_cLarry J. Stephens, Ph.D., Professor of Mathematics, University of Nebraska at Omaha.
246 3 4 _aSchaum’s outline of beginning statistics
250 _aSecond edition.
264 1 _aNew York :
_bMcGraw-Hill,
_c[2006]
264 4 _cc2006
300 _axiii, 413 pages :
_billustrations ;
_c28 cm.
336 _2rdacontent
_atext
_btxt
337 _aunmediated
_2rdamedia
_bn
338 _avolume
_bnc
_2rdacarrier
490 0 _aSchaum’s outline series
500 _aPrevious edition published as : Schaum's outline of theory and problems of beginning statistics. 1998.
500 _aIncludes index.
500 _aIncludes appendix.
650 7 _aMathematical statistics
_vOutlines, syllabi, etc.
_2BUEsh
_941269
650 7 _aMathematical statistics
_vProblems, exercises, etc.
_2BUEsh
653 _bENGGEN
_cOctober2016
655 _vReading book
_934232
942 _2ddc
_cBB
999 _c22804
_d22776